| 000 | 01302cab a22002175a 4500 | ||
|---|---|---|---|
| 001 | L136956 | ||
| 008 | 070306e2007 xxk 000 0 eng d | ||
| 035 | _a(Sirsi) u136956 | ||
| 041 | _aeng | ||
| 110 | 1 |
_aUnited Kingdom _bDepartment of Trade and Industry |
|
| 245 |
_aOutput and employment in the construction industry _bfourth quarter 2006 _h[electronic resource] |
||
| 260 | _c2007 | ||
| 490 | 0 |
_aGNN Press Release _v(144607P) 2 March 2007 |
|
| 520 | _aIn 2006, the total volume of construction output increased by 1% compared to 2005. In the fourth quarter of 2006 the total volume of output also increased by 1% compared to the third quarter, and by 2% in current prices. In 2006, the total volume of new work was 5% higher compared with 2005 and rose by 1% in the fourth quarter 2006 compared with the third quarter. The number of employees in employment (seasonally adjusted) in January 2007 was down 3% compared with October 2006 and was down 1% compared with January 2006. | ||
| 590 | _aKA | ||
| 650 | 2 | 4 | _aDBERR OUTPUT AND EMPLOYMENT IN THE CONSTRUCTION INDUSTRY |
| 651 | 4 | _aGREAT BRITAIN | |
| 690 | _aBUILT ENVIRONMENT-CONSTRUCTION MARKET | ||
| 856 | 4 | 0 |
_uhttps://stats.bis.gov.uk/construction/output/200703/index.asp _zView the item free of charge at www.bis.gov.uk... |
| 942 | _n0 | ||
| 999 |
_c78509 _d78509 |
||